Chceme spravodlivú spoločnosť tvorivej práce. Premena nášho myslenia pri koncipovaní stratégie hospodárskeho a sociálneho rozvoja SR.

NEZES (Nezávislé združenie ekonómov Slovenska) k projekcii hospodárskeho a sociálneho rozvoja Slovenska po získaní štátnosti. Filozofia transformačného procesu prechodu od netrhovej k trhovej ekonomike so sociálnou a ekologickou orientáciou.

Uložené v:
Podrobná bibliografia
Hlavný autor: Brhlovič, Gerhard
Médium: Kapitola
Jazyk:Slovak
Predmet:
Tagy: Pridať tag
Žiadne tagy, Buďte prvý, kto otaguje tento záznam!

MARC

LEADER 00000naa a2200000 4500
001 r011538
005 20220826094202.2
041 0 |a slo 
044 |a [CS] 
245 1 0 |a Chceme spravodlivú spoločnosť tvorivej práce.  |b Premena nášho myslenia pri koncipovaní stratégie hospodárskeho a sociálneho rozvoja SR.  |c Gerhard Brhlovič 
520 |a NEZES (Nezávislé združenie ekonómov Slovenska) k projekcii hospodárskeho a sociálneho rozvoja Slovenska po získaní štátnosti. Filozofia transformačného procesu prechodu od netrhovej k trhovej ekonomike so sociálnou a ekologickou orientáciou. 
610 2 0 |a transformácia 
610 2 0 |a NEZES 
610 2 0 |a Slovensko 
610 2 0 |a 1993 
610 2 0 |a stratégia hospodárska 
100 1 |a Brhlovič, Gerhard